Podpísali dohodu

Podrobná bibliografia
Hlavný autor: Socha, A. (Autor)
Médium: Článok
Jazyk:slovenčina
Predmet:

MARC

LEADER 00000nab a2200000 a 4500
001 vtls000238790
003 SK-MaSNL
005 20260304001613.0
008 220422c1986 xo 0 slo
015 |a SNBRB19rr/mm-uuuuu 
035 |a CL0248904 
040 |a SNKBUCL  |b slo  |c SNKBUCL  |e AACR2 
041 0 |a slo 
044 |a xo  |c SK 
080 |a 614.842.8:061.25(497.1)  |2 1981 
080 |a 061.25(497.1)  |2 1981 
100 1 |a Socha, A.  |4 aut  |9 927305 
245 1 0 |a Podpísali dohodu  |c A. Socha 
650 0 7 |a požiarna ochrana  |2 snkbucl  |9 1501 
650 0 7 |a Zväz požiarnej ochrany Juhoslávie  |2 snkbucl  |9 1278215 
655 7 |a články z novín a časopisov  |2 snkbucl  |9 267496 
773 0 |t Požiarnik  |g Roč. 63, č. 2 (1986), s. 11 
850 |a Slovenská národná knižnica v Martine  |a MTA001 
852 |a SNK  |b KIS3GCP 
958 |a RK 
958 |a ME 
992 |a RBX 
999 |c 2537814  |d 2539744